00584nam a2200193Ia 450000500170000000800410001702000150005808200130007310000160008624500640010225000240016626000460019030000130023665000100024965000150025994200060027495200950028099900150037520240918033556.0240331s9999 xx 000 0 und d a9068322788 bFLAa700 aFlaes, R.B. 0aBrass unbound :bsecret children of the colonial brass band a2nd Revised Edition aAmsterdambRoyal Tropical Institutec2000 a165 p ., aWomen aChild Care cL 001040708LaWERCLbWERCLcSSCd2024-03-31l0o 700 FLAp4282r2024-03-31w2024-03-31yL c4430d4430